[Event "SWE-chT2 0708"]
[Site "Sweden"]
[Date "2007.10.21"]
[Round "2"]
[White "Krantz, Christopher"]
[Black "Stenson, Johan"]
[Result "1-0"]
[WhiteElo "2142"]
[BlackElo "2136"]
[PlyCount "83"]
[EventDate "2007.10.20"]
[EventType "team"]
[EventRounds "9"]
[EventCountry "SWE"]
[SourceTitle "EXT 2009"]
[Source "ChessBase"]
[SourceDate "2008.11.26"]
[SourceVersion "1"]
[SourceVersionDate "2008.11.26"]
[SourceQuality "1"]
[WhiteTeam "Eksjo"]
[BlackTeam "Upsala II"]
[WhiteTeamCountry "SWE"]
[BlackTeamCountry "SWE"]

1. e4 c6 2. d4 d5 3. Nc3 dxe4 4. Nxe4 Bf5 5. Ng3 Bg6 6. h4 h6 7. Nf3 Nd7 8. h5 Bh7 9. Bd3 Bxd3 10. Qxd3 Ngf6 11. Bf4 Qa5+ 12. Bd2 Qc7 13. 0-0-0 e6 14. Ne4 Nxe4 15. Qxe4 Bd6 16. g3 0-0-0 17. c4 c5 18. d5 Nf6 19. Qc2 exd5 20. cxd5 Rhg8 21. Kb1 Kb8 22. Bc3 Ng4 23. Rhe1 b6 24. Rd2 Qd7 25. Rde2 Ka8 26. Nh4 f6 27. f4 c4 28. Qe4 Bc5 29. Qf3 f5 30. d6+ Qb7 31. Qxb7+ Kxb7 32. Re7+ Kc6 33. Nxf5 Bxd6 34. R1e6 Kd5 35. Rg6 Nf6 36. Nxd6 Kxd6 37. Rexg7 Rxg7 38. Rxg7 Ke6 39. Rg6 Rf8 40. Rxf6+ Rxf6 41. Bxf6 Kxf6 42. g4 1-0

[Event "Rilton Cup 34th"]
[Site "Stockholm"]
[Date "2005.01.05"]
[Round "9"]
[White "Adler, Bo"]
[Black "Stenson, Johan"]
[Result "1/2-1/2"]
[WhiteElo "2192"]
[BlackElo "2099"]
[PlyCount "120"]
[EventDate "2004.12.27"]
[EventType "swiss"]
[EventRounds "9"]
[EventCountry "SWE"]
[SourceTitle "CBM 104 Extra"]
[Source "ChessBase"]
[SourceDate "2005.03.01"]
[SourceVersion "1"]
[SourceVersionDate "2005.03.01"]
[SourceQuality "1"]

1. e4 c6 2. d4 d5 3. e5 Bf5 4. Nf3 e6 5. c4 dxc4 6. Bxc4 Ne7 7. 0-0 Nd7 8. Nc3 Nb6 9. Be2 Ned5 10. Bg5 Be7 11. Qd2 0-0 12. h3 h6 13. Be3 Qc7 14. g4 Bg6 15. h4 Nxe3 16. fxe3 Qd8 17. h5 Bh7 18. e4 Bg5 19. Nxg5 Qxg5 20. Qxg5 hxg5 21. Kf2 Nd7 22. Rac1 c5 23. Bb5 cxd4 24. Bxd7 dxc3 25. Ke3 Rfd8 26. Rfd1 cxb2 27. Rc7 b5 28. Rb1 b4 29. Rxb2 a5 30. Rf2 Rf8 31. Ba4 Rac8 32. Rfc2 Rb8 33. Ra7 Ra8 34. Rcc7 Rxa7 35. Rxa7 f6 36. Bb3 fxe5 37. Bxe6+ Kh8 38. Rxa5 Re8 39. Bf7 Rf8 40. Bb3 Re8 41. Ba4 Rc8 42. Rxe5 Bg8 43. Rxg5 Bxa2 44. Rb5 b3 45. Kf4 Rf8+ 46. Kg5 Re8 47. Rxb3 Re5+ 48. Kf4 Bxb3 49. Bxb3 Re7 50. g5 Kh7 51. e5 Rb7 52. Bd5 Rb5 53. Bf7 Rb2 54. Kf5 Rg2 55. e6 Re2 56. Kf4 Re1 57. Kf5 Re2 58. Kg4 Re1 59. Kf4 Re2 60. Kf5 Re1 1/2-1/2

[Event "Rilton Cup 34th"]
[Site "Stockholm"]
[Date "2004.12.31"]
[Round "5"]
[White "Pukkila, Markku"]
[Black "Stenson, Johan"]
[Result "1/2-1/2"]
[WhiteElo "2181"]
[BlackElo "2099"]
[PlyCount "90"]
[EventDate "2004.12.27"]
[EventType "swiss"]
[EventRounds "9"]
[EventCountry "SWE"]
[SourceTitle "CBM 104 Extra"]
[Source "ChessBase"]
[SourceDate "2005.03.01"]
[SourceVersion "1"]
[SourceVersionDate "2005.03.01"]
[SourceQuality "1"]

1. e4 c6 2. d4 d5 3. e5 Bf5 4. Nf3 e6 5. Be2 Nd7 6. 0-0 Ne7 7. Be3 c5 8. dxc5 Nc6 9. c4 dxc4 10. Na3 c3 11. Qb3 Bxc5 12. Qxc3 Bb4 13. Qb3 0-0 14. Nc4 Qc7 15. Rac1 Nc5 16. Bxc5 Bxc5 17. Nd6 Bxd6 18. exd6 Qxd6 19. Qxb7 Nd4 20. Bd1 Rab8 21. Qxa7 Nxf3+ 22. Bxf3 Rxb2 23. Ra1 Qf4 24. a4 Rb4 25. a5 Be4 26. Bxe4 Qxe4 27. a6 Ra8 28. Qd7 g6 29. g3 Rb6 30. Rfc1 Kg7 31. Ra4 Qd5 32. Qxd5 exd5 33. a7 Rb7 34. Rca1 d4 35. Kf1 d3 36. Ke1 Rd7 37. Kd2 h5 38. Ra6 Kf8 39. f3 Kg7 40. g4 hxg4 41. fxg4 Kh7 42. h4 Kg7 43. h5 gxh5 44. gxh5 Kh7 45. h6 f5 1/2-1/2

[Event "Rilton Cup 34th"]
[Site "Stockholm"]
[Date "2004.12.27"]
[Round "1"]
[White "Stenson, Johan"]
[Black "Kuemin, Simon"]
[Result "0-1"]
[WhiteElo "2099"]
[BlackElo "2392"]
[PlyCount "72"]
[EventDate "2004.12.27"]
[EventType "swiss"]
[EventRounds "9"]
[EventCountry "SWE"]
[SourceTitle "CBM 104 Extra"]
[Source "ChessBase"]
[SourceDate "2005.03.01"]
[SourceVersion "1"]
[SourceVersionDate "2005.03.01"]
[SourceQuality "1"]

1. e4 c5 2. c3 Qa5 3. Nf3 Nc6 4. Bc4 Nf6 5. e5 d5 6. exd6 e6 7. 0-0 Bxd6 8. d4 Qc7 9. Re1 cxd4 10. cxd4 Ne7 11. Qd3 0-0 12. Nc3 Bd7 13. Bg5 Rfc8 14. Bb3 Ned5 15. Rac1 Qa5 16. Ne5 Be8 17. Nc4 Qa6 18. Nxd5 Nxd5 19. Qf3 Bf8 20. Ne3 Nxe3 21. Bxe3 Bd6 22. Rxc8 Rxc8 23. Qg4 Qa5 24. Rd1 Qc7 25. Bh6 g6 26. h4 Bd7 27. Qf3 Bc6 28. Qf6 Bf8 29. Bxf8 Rxf8 30. h5 Qd8 31. Qe5 Qh4 32. hxg6 hxg6 33. Rd3 Qe4 34. Qg3 Kg7 35. Rd1 Rd8 36. Qc3 Qxg2# 0-1

[Event "Hallstahammar op"]
[Site "Hallstahammar"]
[Date "2004.09.12"]
[Round "8"]
[White "Stenson, Johan"]
[Black "Isetoft, Bengt Ola"]
[Result "0-1"]
[WhiteElo "2045"]
[BlackElo "2216"]
[PlyCount "106"]
[EventDate "2004.09.10"]
[EventType "swiss"]
[EventRounds "8"]
[EventCountry "SWE"]
[SourceTitle "EXT 2005"]
[Source "ChessBase"]
[SourceDate "2004.11.15"]
[SourceVersion "1"]
[SourceVersionDate "2004.11.15"]
[SourceQuality "1"]

1. e4 e6 2. d4 d5 3. Nd2 dxe4 4. Nxe4 Nd7 5. Nf3 Be7 6. Bd3 Ngf6 7. 0-0 b6 8. Qe2 Bb7 9. Re1 0-0 10. Bg5 Nxe4 11. Bxe7 Qxe7 12. Bxe4 Bxe4 13. Qxe4 Nf6 14. Qe2 c5 15. Rad1 Rfd8 16. Ne5 Rac8 17. dxc5 Rxc5 18. Rxd8+ Qxd8 19. Rd1 Qc7 20. c3 h6 21. Nf3 Rd5 22. Rxd5 Nxd5 23. g3 Nf6 24. Qd3 Qd7 25. Ne5 Qc7 26. Qd4 b5 27. f3 Nd5 28. Kf2 Nb6 29. Ke2 f6 30. Nd3 Kf7 31. Qb4 a6 32. Qc5 Qb7 33. Nb4 Nc4 34. Nc6 Qd7 35. Qa7 Qxa7 36. Nxa7 Nxb2 37. Nc6 Na4 38. Kd3 e5 39. Nb4 Nc5+ 40. Ke3 Ke6 41. f4 Kd6 42. fxe5+ fxe5 43. a3 g6 44. Nc2 Kd5 45. Nb4+ Kc4 46. Nc6 e4 47. Ne5+ Kxc3 48. Nxg6 a5 49. Nf4 Kb3 50. g4 Kxa3 51. h4 b4 52. g5 hxg5 53. hxg5 b3 0-1